| 000 | 00869nam a22002777a 4500 | ||
|---|---|---|---|
| 003 | 0 | ||
| 005 | 20180804110447.0 | ||
| 008 | 0 | ||
| 010 | _aB-168421 | ||
| 020 |
_c1100.00 _a9781563088926 |
||
| 035 | _aB-168421, B-168423 | ||
| 037 | _bCen Lib/Ret | ||
| 040 |
_aDPL _bEN _c0 |
||
| 082 |
_a025.2 _bWIL |
||
| 100 |
_aWilkinson, Frances C. _941092 |
||
| 245 |
_aThe complete guide to acquisitions management / _cby Frances C. Wilkinson [and] Linda K. Lewis |
||
| 260 |
_aWestport _bLibraries Unlimited _c2003 |
||
| 270 | _bWestport | ||
| 300 |
_aviii,297p. _c23cm(pbk) |
||
| 490 | _aLibrary and information science text series | ||
| 500 | _aIncludes index | ||
| 650 |
_aAcquisitions (Libraries) -- United States _941093 |
||
| 650 |
_aAcquisitions (Libraries) _936069 |
||
| 700 |
_aLewis, Linda K. _941094 |
||
| 942 |
_2ddc _cEN _h025.2 _mWIL |
||
| 999 |
_c134563 _d134563 |
||